Петрография / (Record no. 524145)
[ view plain ]
| 000 -LEADER | |
|---|---|
| fixed length control field | 00651nam a2200193 a 4500 |
| 001 - CONTROL NUMBER | |
| control field | 000145998 |
| 003 - CONTROL NUMBER IDENTIFIER | |
| control field | AM-YEHGA |
| 005 - DATE AND TIME OF LATEST TRANSACTION | |
| control field | 20250617164442.0 |
| 008 - FIXED-LENGTH DATA ELEMENTS--GENERAL INFORMATION | |
| fixed length control field | 030329s1932 ||||||||||||||||||||rus c |
| 040 ## - CATALOGING SOURCE | |
| Original cataloging agency | AM-YeHGA |
| 090 ## - LOCALLY ASSIGNED LC-TYPE CALL NUMBER (OCLC); LOCAL CALL NUMBER (RLIN) | |
| -- | 530471 |
| 100 1# - MAIN ENTRY--PERSONAL NAME | |
| Personal name | Лучицкий, В.И. |
| 245 10 - TITLE STATEMENT | |
| Title | Петрография / |
| Statement of responsibility, etc. | В.И. Лучицкий. |
| 250 ## - EDITION STATEMENT | |
| Edition statement | 3-е изд., перераб. |
| 260 ## - PUBLICATION, DISTRIBUTION, ETC. | |
| Place of publication, distribution, etc. | Ленинград ; |
| -- | Москва : |
| Name of publisher, distributor, etc. | Госгеолтехиздат, |
| Date of publication, distribution, etc. | 1932 -. |
| 300 ## - PHYSICAL DESCRIPTION | |
| Extent | т. |
| 505 10 - FORMATTED CONTENTS NOTE | |
| Miscellaneous information | Т. 1, Ч. 1.2 (1932, 255 с., ил., табл.) |
| -- | Т. 2, Ч. 3 (1932, 256 с., ил., табл.) |
| 650 14 - SUBJECT ADDED ENTRY--TOPICAL TERM | |
| Topical term or geographic name entry element | Петрография |
| Withdrawn status | Lost status | Damaged status | Not for loan | Collection | Home library | Current library | Date acquired | Serial enumeration / chronology | Total checkouts | Full call number | Barcode | Date last seen | Price effective from | Koha item type | Public note |
|---|---|---|---|---|---|---|---|---|---|---|---|---|---|---|---|
| General | Fundamental Scientific Library | Fundamental Scientific Library | 18/02/2022 | Т. 2, ч. 3 | РII/70919 | FL0673828 | 18/02/2022 | 18/02/2022 | Գրքեր / Books | 30 Days Loan |
ՀՀ Գիտությունների ազգային ակադեմիայի հիմնարար գիտական գրադարան = Fundamental Scientific Library of NAS RA
All site content, except where otherwise noted, is licensed under a